LEADER 01141nam0 22002891i 450 001 UON00479547 005 20231205105242.673 100 $a20170724d1984 |0itac50 ba 101 $afre 102 $aDZ 105 $a|||| 1|||| 200 1 $aˆLes ‰H'ammadites$fRachid Bourouiba 210 $aAlger$cEntreprise nationale du livre$d1984 215 $a320 p., 16 c. di tav.$cill$d24 cm 606 $aNORDAFRICA$xStoria$xSec. 11.$3UONC091905$2FI 606 $aNORDAFRICA$xStoria$xSec. 12.$3UONC091906$2FI 606 $aHAMMAD IBN BULUGGIN (1018- )$xDINASTIA$3UONC091907$2FI 620 $aNL$dAmsterdam$3UONL001817 686 $aARA IV B$cPAESI ARABI - STORIA - BIOGRAFIE$2A 700 1$aBOUROUIBA$bRachid$3UONV031551$0644795 712 $aEntreprise Nationale du Livre$3UONV256655$4650 801 $aIT$bSOL$c20240220$gRICA 899 $aSIBA - SISTEMA BIBLIOTECARIO DI ATENEO$2UONSI 912 $aUON00479547 950 $aSIBA - SISTEMA BIBLIOTECARIO DI ATENEO$dSI ARA IV B 108 N $eSI 22990 7 108 N 996 $aH'ammadites$91473342 997 $aUNIOR LEADER 01568nas 2200517- 450 001 9910146644203321 005 20241120173249.0 035 $a(OCoLC)70889077 035 $a(CKB)1000000000280885 035 $a(CONSER)--2021245336 035 $a(EXLCZ)991000000000280885 100 $a20060814a20029999 --- - 101 0 $aeng 135 $aurun||||||||| 181 $ctxt$2rdacontent 182 $cc$2rdamedia 183 $acr$2rdacarrier 200 00$aFood & drink technology $ethe journal for ingredients, processing and packaging 210 1$aGravesend :$cBell Pub. 215 $a1 online resource 311 $a1743-4874 517 3 $aFood and drink technology 517 1 $aF&D technology 517 1 $aF&DT 531 $aFOOD AND DRINK TECHNOLOGY 606 $aFood industry and trade$zGreat Britain$vPeriodicals 606 $aBeverages$zGreat Britain$vPeriodicals 606 $aBoissons$zGrande-Bretagne$vPériodiques 606 $aBeverages$2fast$3(OCoLC)fst00831042 606 $aFood industry and trade$2fast$3(OCoLC)fst00930843 607 $aGreat Britain$2fast 608 $aPeriodical. 608 $aperiodicals.$2aat 608 $aPeriodicals.$2fast 608 $aPeriodicals.$2lcgft 608 $aPériodiques.$2rvmgf 615 0$aFood industry and trade 615 0$aBeverages 615 6$aBoissons 615 7$aBeverages. 615 7$aFood industry and trade. 676 $a664.005 906 $aJOURNAL 912 $a9910146644203321 996 $aFood & Drink Technology$92018347 997 $aUNINA